| 000 | 00656nam a2200229 a 4500 | ||
|---|---|---|---|
| 008 | |||
| 020 | _a0471509795 (HBK) | ||
| 050 | 0 | 0 | _aQD262 COR |
| 100 | 1 | _aCorey, E. J. | |
| 245 | 1 | 4 |
_aThe logic of chemical synthesis / _cE.J. Corey and Xue-min Cheng. |
| 260 |
_aNew York : _bJohn Wiley, _cc1989. |
||
| 300 |
_a436 p. : _bill. ; _c26 cm. |
||
| 504 | _aIncludes bibliographical references . | ||
| 650 | 0 |
_aOrganic compounds _xSynthesis. |
|
| 700 | 1 | _aCheng, Xue-min. | |
| 907 |
_a.b10176123 _b22-01-07 _c20-09-05 |
||
| 003 | |||
| 005 | 20230123134113.0 | ||
| 040 | _cNUST | ||
| 049 | _aMAIN | ||
| 942 | _cBOOKS | ||
| 999 |
_c160097 _d160097 |
||